Which Railroads are CSX Heritage Units - Statistics

General Stats
  • This quiz has been taken 68 times
  • The average score is 6 of 12
Answers on the Grid
Answers color-coded by a green-red scale on the quiz's grid according to % correct below.
Baltimore & Ohio
Norfolk & Western
Boston & Maine
Richmond, Fredericksbug, & Potomac
Monon Railroad
Wabash Railroad
Delaware, Lackawanna, & Western
Chessie System
Atlantic Coast Line
Bessemer & Lake Erie
Elgin, Joliet, & Eastern
Conrail
Southern Railway
Grand Trunk Western
Chicago & Eastern Illinois
Atchison, Topeka, & Santa Fe
Southern Pacific
Pere Marquette
Chesapeake & Ohio
Seaboard System
Pan Am Railways
Maine Central
Florida East Coast Railway
Ferrocarriles Nacionales de México
New York Central
Illinois Central
Gulf, Mobile, & Ohio
Bangor & Aroostook
Delaware & Hudson
Tennessee, Alabama, & Georgia
 
Answer Stats
Answer % Correct
Baltimore & Ohio
88%
Chessie System
73%
Atlantic Coast Line
70%
Conrail
61%
New York Central
61%
Seaboard System
52%
Chesapeake & Ohio
48%
Richmond, Fredericksbug, & Potomac
48%
Pan Am Railways
42%
Monon Railroad
39%
Pere Marquette
36%
Chicago & Eastern Illinois
21%
No matching quizzes found
Score Distribution
Percent of People with Each Score
Percentile by Number Answered
Your Score History
You have not taken this quiz